[Event "39 Open Sevilla 2014"]
[Site "Sevilla (SPAIN)"]
[Date "2014.01.11"]
[Round "2.7"]
[White "VAN DER WEIDE, Karel"]
[Black "PRETO, Daniel Filipe Rodri"]
[Result "1-0"]
[WhiteElo "2449"]
[BlackElo "2004"]
[Annotator "Montecatine,R"]
[PlyCount "103"]
[EventDate "2014.01.10"]

1. e4 c6 2. d4 d5 3. e5 Bf5 4. Nf3 e6 5. Be2 c5 6. Be3 cxd4 7. Nxd4 Ne7 8. Nd2
Nbc6 9. N2f3 Be4 10. O-O Ng6 (10... Bxf3 11. Nxf3 Nf5 $14) 11. Nxc6 bxc6 12.
Ng5 Be7 13. Nxe4 dxe4 14. Qd4 Qxd4 15. Bxd4 O-O 16. Rfe1 Bb4 17. c3 Be7 18. b4
a5 19. Bc4 (19. a3) 19... axb4 20. cxb4 Bxb4 21. Rxe4 c5 22. Bb2 Rfd8 $11 23.
g3 Rd2 24. Rb1 h6 25. Bb3 Ne7 26. Rc4 Nf5 27. Bc3 Bxc3 28. Rxc3 Nd4 29. Rxc5
Nxb3 30. axb3 Raa2 31. Rf1 Rab2 32. Rc8+ Kh7 33. Rc3 (33. Rb8) 33... Re2 34.
Rf3 Rxe5 35. Rxf7 Rxb3 36. Ra1 Rf5 37. Raa7 Rxf7 38. Rxf7 Kg6 39. Rf8 Rb7 (
39... e5) 40. Kg2 Re7 (40... Rb3) 41. Kf3 Rf7+ (41... Ra7) 42. Rxf7 Kxf7 43.
Ke4 $14 Kf6 44. h4 {Diagrama #} e5 $2 (44... g6 45. g4 g5 46. h5 Kf7 47. Ke5
Ke7 48. f3 Kf7 49. Kd6 Kf6) (44... h5 45. Kf4 e5+ 46. Ke4 Ke6 $11) 45. h5 $18
Ke6 46. f3 Kf6 47. Kd5 Kf5 48. Kd6 e4 49. fxe4+ Kxe4 50. Ke6 Kf3 51. Kf7 Kg4
52. Kg6 1-0

[Event "39 Open Sevilla 2014"]
[Site "Sevilla (SPAIN)"]
[Date "2014.01.11"]
[Round "2.20"]
[White "SGNAOLIN, Davide"]
[Black "JIMENEZ ROMERO, Jose Antonio"]
[Result "1-0"]
[WhiteElo "2221"]
[BlackElo "1939"]
[Annotator "Montecatine,R"]
[PlyCount "55"]
[EventDate "2014.01.10"]

1. c4 Nf6 2. Nf3 d6 3. g3 g6 4. Bg2 Bg7 5. Nc3 c6 6. d4 Qc7 7. O-O O-O 8. e4
Bg4 9. h3 Bxf3 10. Qxf3 Nbd7 11. Be3 e5 12. d5 c5 13. Qe2 Nh5 14. Rab1 a6 15.
a3 Rab8 16. Rfc1 b6 17. Bf3 Nhf6 18. h4 Kh8 (18... h5 $14) 19. h5 $16 gxh5 (
19... h6 20. hxg6 (20. Kg2 g5 21. Qc2 {(/\Be2)}) 20... fxg6 21. Kg2 $16) 20.
Bxh5 Nxh5 21. Qxh5 Nf6 22. Qh4 {Diagrama #} Rg8 (22... Qd7 23. Bg5 Ng8 24. Kg2
b5 25. b3 f5 26. Qh3 $16) 23. Kg2 $18 Nd7 24. Rh1 Nf8 25. Rh2 f6 (25... h6 26.
Bxh6 Ng6 27. Qh5 Rgc8 28. Qf5 $18) 26. Rbh1 h6 27. Bxh6 Nh7 28. Be3 1-0

[Event "39 Open Sevilla 2014"]
[Site "Sevilla (SPAIN)"]
[Date "2014.01.11"]
[Round "2.4"]
[White "GAITAN RAMIREZ, Alfonso"]
[Black "NARCISO DUBLAN, Marc"]
[Result "0-1"]
[WhiteElo "2020"]
[BlackElo "2521"]
[Annotator "Montecatine,R"]
[PlyCount "60"]
[EventDate "2014.01.10"]

1. d4 f5 2. Nf3 e6 3. Bg5 Be7 4. h4 Nf6 5. Nbd2 d5 6. Ne5 Nbd7 7. Ndf3 O-O 8.
e3 Ng4 9. Bf4 Ndxe5 10. Nxe5 Nxe5 11. Bxe5 Bd6 12. Qf3 Bxe5 13. dxe5 c5 14.
O-O-O b5 15. h5 b4 16. h6 g6 17. g4 (17. Kb1) 17... Qc7 $15 18. Qg3 fxg4 19.
Be2 a5 (19... c4) 20. Bxg4 Kh8 21. f4 a4 22. Qh3 Ra6 23. Qh4 (23. Kb1) 23... c4
$15 {Diagrama #} 24. Rh2 $2 (24. Qe1) 24... a3 $19 25. bxa3 Rxa3 26. Rxd5 exd5
27. Bxc8 b3 (27... Qxc8 $4 28. Qe7 $18) (27... Rxc8 $19 28. Qf6+ Kg8 29. Qe6+
Kf8 30. Qf6+ Qf7 31. Qh8+ Qg8 32. Qf6+ Ke8) 28. axb3 cxb3 29. Kb2 Ra2+ 30. Kxb3
Qc4# 0-1

[Event "39 Open Sevilla 2014"]
[Site "Sevilla (SPAIN)"]
[Date "2014.01.11"]
[Round "2.5"]
[White "CAMPORA, Daniel H"]
[Black "ESPEJO HAVA, Francisco"]
[Result "1-0"]
[WhiteElo "2460"]
[BlackElo "2016"]
[Annotator "Montecatine,R"]
[PlyCount "91"]
[EventDate "2014.01.10"]

1. e4 e5 2. Nf3 Nc6 3. Bb5 a6 4. Ba4 Nf6 5. O-O Be7 6. Re1 b5 7. Bb3 d6 8. c3
O-O 9. d4 Bg4 10. Be3 Na5 11. Bc2 Re8 12. Nbd2 Bf8 13. h3 Bd7 14. b4 Nb7 15.
Qb1 a5 16. a3 a4 (16... exd4 17. cxd4 axb4 18. axb4 Rxa1 19. Qxa1 c5 $14) 17.
Qb2 Qc8 (17... c5 $14) 18. Bd3 $16 Nd8 19. c4 exd4 20. Bxd4 Ne6 21. cxb5 Rb8
22. Bxf6 gxf6 23. Nh4 Nf4 24. Re3 (24. Bc4) 24... Bg7 $14 25. Qc2 Nxd3 26. Rxd3
(26. Qxd3 f5 27. Rc1 fxe4 28. Rxe4 Rxe4 29. Nxe4 Qd8 30. Nf3 Bxb5 31. Qe3 $14)
26... Rxb5 (26... f5 27. Rc1 fxe4 28. Rg3 $14) 27. Rc1 Qa8 $2 (27... Rh5 $14)
28. Nf5 $6 (28. Qxc7 Rc8 29. Qxd7 Rxc1+ 30. Kh2 Rb7 31. Qg4 $18) 28... Rxf5 29.
exf5 Bxf5 30. Qc4 Bxd3 31. Qxd3 Qa7 $14 32. Nf3 {Diagrama #} Qb6 (32... c5 33.
Qxd6 cxb4 34. Qxb4 Qd7 $14 35. Rc4 Ra8) 33. Nd4 (33. Qc2 $16) 33... Bh6 34. Rc6
Qa7 (34... Qb7) 35. g3 $16 f5 $2 (35... Re5 $16) 36. Nxf5 $18 Re1+ 37. Kg2 Bf8
38. Qa6 Qxa6 39. Rxa6 d5 40. Rxa4 Ra1 41. Ra8 f6 42. Ne7+ Kf7 43. Nxd5 Bd6 44.
Ra7 Ke6 45. Nxc7+ Ke5 46. Nb5 1-0

[Event "39 Open Sevilla 2014"]
[Site "Sevilla (SPAIN)"]
[Date "2014.01.11"]
[Round "2.6"]
[White "DOMINGUEZ FERNANDEZ, Angel"]
[Black "DUCARMON, Quinten"]
[Result "0-1"]
[WhiteElo "2011"]
[BlackElo "2456"]
[Annotator "Montecatine,R"]
[PlyCount "86"]
[EventDate "2014.01.10"]

1. Nf3 d5 2. e3 Nf6 3. c4 c6 4. Nc3 g6 5. d4 Bg7 6. b4 O-O 7. Bb2 Bg4 8. h3
Bxf3 9. Qxf3 dxc4 10. Bxc4 Nbd7 11. O-O e5 12. Rad1 Qe7 13. a3 Rad8 14. Rfe1
Nb6 15. Bb3 e4 16. Qe2 a6 17. Qc2 Rfe8 18. Rc1 Bf8 19. Na4 Nxa4 20. Bxa4 Nd5
21. Bc3 h5 22. Bd2 Qf6 23. Bb3 h4 24. Qa2 Kg7 25. Rb1 Rd7 26. Bc4 b5 27. Be2
Bd6 {Diagrama #} 28. Rf1 $2 (28. Bg4 Rc7 29. Rb2 $11) 28... Bc7 $19 29. f4 exf3
30. Rxf3 Qd6 31. Bf1 Rde7 32. Qb3 Qh2+ 33. Kf2 Bg3+ 34. Ke2 Qg1 35. Kd1 Rxe3
36. Bxe3 Rxe3 37. Rxe3 Nxe3+ 38. Ke2 Qf2+ 39. Kd3 Nxf1 40. Rb2 Qf5+ 41. Ke2
Qe4+ 42. Kd1 Ne3+ 43. Kd2 Nc4+ 0-1

[Event "39 Open Sevilla 2014"]
[Site "Sevilla (SPAIN)"]
[Date "2014.01.11"]
[Round "2.10"]
[White "BORONDO GARCIA, Raul"]
[Black "POGORELOV, Ruslan"]
[Result "0-1"]
[WhiteElo "1996"]
[BlackElo "2377"]
[Annotator "Montecatine,R"]
[PlyCount "80"]
[EventDate "2014.01.10"]

1. e4 c5 2. Nf3 e6 3. d4 cxd4 4. Nxd4 a6 5. Nc3 b5 6. Bd3 Qc7 7. O-O Bb7 8. Kh1
Nf6 9. Qe2 d6 10. f4 Nbd7 11. f5 e5 12. Nb3 Be7 13. a3 O-O 14. Bg5 Rfe8 15.
Rae1 (15. Rfd1) 15... Rac8 16. Qd2 h6 17. Be3 Bf8 18. Bg1 (18. Rf3 d5 19. exd5
Nxd5 20. Nxd5 Bxd5 21. Rg3 Kh8 $15) 18... d5 $15 19. exd5 Nxd5 {Diagrama #} 20.
Ne4 $6 (20. Nxd5 Bxd5 21. Bxb5 Bxg2+ 22. Qxg2 axb5 23. c3 Nf6 $15) 20... N5f6 (
20... Red8) 21. Rf2 (21. c3) 21... Bxe4 22. Bxe4 Nc5 23. Nxc5 Bxc5 24. Rfe2
Red8 25. Qc1 Bxg1 26. Rxg1 $2 (26. Kxg1 Nxe4 27. Rxe4 Qxc2 28. Qxc2 Rxc2 29.
R4e2 Rdc8 30. Kf2 Kf8 $17) 26... Nxe4 $19 27. Rxe4 Qxc2 28. Qe3 f6 29. Rg4 Qxf5
30. Rg3 Kh7 31. Qa7 Qd7 32. Qxa6 Rc5 33. Qa5 Rd5 34. h3 f5 35. Rc3 e4 36. Rc7
Qe6 37. Qc3 Qe5 38. Qc1 e3 39. Rc3 Rd2 40. Rc5 Qe4 0-1

[Event "39 Open Sevilla 2014"]
[Site "Sevilla (SPAIN)"]
[Date "2014.01.11"]
[Round "2.11"]
[White "MONTERO MELENDEZ, Rafael"]
[Black "RODRIGUEZ RODRIGUEZ, Alvaro"]
[Result "1-0"]
[WhiteElo "2350"]
[BlackElo "1968"]
[Annotator "Montecatine,R"]
[PlyCount "75"]
[EventDate "2014.01.10"]

1. c4 Nf6 2. g3 g6 3. Bg2 Bg7 4. Nc3 O-O 5. d4 d6 6. Nf3 Nbd7 7. O-O e5 8. e4
c6 9. h3 Qb6 10. Re1 exd4 11. Nxd4 Nc5 12. Nb3 Nfd7 13. Be3 Qc7 14. f4 Re8 15.
Bf2 Bf8 16. Nd4 a5 17. b3 Nb8 18. Qc2 Nba6 19. a3 Bg7 20. Rab1 Ne6 21. Nf3 Nec5
22. b4 (22. Bd4) 22... axb4 23. axb4 Bxc3 (23... Nd7) 24. Qxc3 Nxe4 25. Qc2 (
25. Ng5 f5 (25... Nxc3 26. Rxe8+ Kg7 27. Bd4+ f6 (27... Kh6 28. Bf6 $18) 28.
Bxc3 $18) 26. Rbd1 d5 (26... Nxc3 27. Rxe8+ Kg7 28. Bd4+ Kh6 29. Bxc3 $18) 27.
cxd5 cxd5 28. Qb3 $16) 25... Nf6 26. Qb2 Qd8 27. Bd4 Nh5 (27... Ne4 28. Bh8 f6
29. Ng5 Nxg5 30. Bxf6 Rxe1+ 31. Rxe1 Qb6+ 32. c5 Qxb4 33. Re8+ Kf7 34. Re7+ Kg8
35. Qxb4 Nxb4 36. fxg5 $16) 28. g4 Nxf4 29. Bh8 {Diagrama #} Rxe1+ $2 (29... f6
30. Bxf6 Qd7 $14) 30. Rxe1 f6 31. Bxf6 Qf8 32. Bg7 $16 (32. Re7 $18) 32... Nd3
33. Qc3 Qf7 (33... Qxg7 34. Re8+ Kf7 35. Ng5+ $18) 34. Qxd3 $18 Qxg7 35. Re8+
Kf7 36. Qe3 Qa1+ 37. Kh2 g5 38. Qe7+ 1-0

[Event "39 Open Sevilla 2014"]
[Site "Sevilla (SPAIN)"]
[Date "2014.01.11"]
[Round "2.13"]
[White "LILLO CASTANY, Victor"]
[Black "COBA MONCADA, Jacinto"]
[Result "1-0"]
[WhiteElo "2315"]
[BlackElo "1961"]
[Annotator "Montecatine,R"]
[PlyCount "71"]
[EventDate "2014.01.10"]

1. e4 d6 2. d4 Nf6 3. Nc3 e5 4. Nf3 Nbd7 5. Bc4 Be7 6. O-O O-O 7. Re1 c6 8. a4
Qc7 9. h3 Re8 10. a5 b5 11. axb6 Nxb6 12. Ba2 Bf8 (12... Bd7) 13. Bg5 Nfd7 (
13... Nbd7) 14. Qd2 Be7 (14... h6) 15. Rad1 $16 Nf8 16. Ne2 Ne6 (16... Be6) 17.
Bxe7 Rxe7 18. Ng3 Re8 19. dxe5 dxe5 20. Qc3 Nf8 21. Nf5 Be6 22. Bxe6 Rxe6 23.
Rd2 g6 {Diagrama #} 24. Ng5 (24. Ne3 $16) 24... gxf5 25. Nxe6 fxe6 (25... Nxe6
26. exf5 Ng7 $16) 26. exf5 Nd5 27. Qxe5 $18 Qxe5 28. Rxe5 exf5 29. Rxf5 Re8 30.
c4 Nb6 31. b3 Re7 32. Rd6 Re1+ 33. Kh2 Rb1 34. Rxc6 Rxb3 35. c5 Nbd7 36. Rc8
1-0

[Event "39 Open Sevilla 2014"]
[Site "Sevilla (SPAIN)"]
[Date "2014.01.11"]
[Round "2.15"]
[White "MELERO FIDALGO, Juan De Dios"]
[Black "FERNANDEZ QUINTERO, Jose Anton"]
[Result "1/2-1/2"]
[WhiteElo "2245"]
[BlackElo "1952"]
[Annotator "Montecatine,R"]
[PlyCount "76"]
[EventDate "2014.01.10"]

1. g3 e5 2. c4 Nc6 3. Bg2 f5 4. Nc3 Nf6 5. a3 Be7 6. e3 O-O 7. Nge2 d6 8. d3
Qe8 9. h3 Kh8 10. b4 Nd8 11. O-O Qh5 12. f4 Ne6 13. d4 e4 14. d5 Nd8 15. Nd4
Qg6 16. Qe1 a6 17. Bb2 h5 18. Kh2 Nf7 19. Rg1 Nh6 20. Bf1 Bd7 21. Be2 c6 22.
dxc6 bxc6 23. Qd2 Qf7 24. Rgc1 (24. b5) 24... c5 25. bxc5 (25. Nb3) 25... dxc5
26. Nb3 Rfd8 27. Qc2 Rab8 28. a4 (28. Rab1) 28... Be6 29. Nd1 (29. Na5) 29...
Nd7 30. Na5 Rb6 31. Rab1 h4 $15 32. Bc3 hxg3+ 33. Kg2 (33. Kxg3 Qg6+ 34. Kh2
Bh4 35. Bf1 Rdb8 $15) 33... Rdb8 $17 34. Be1 Bh4 35. Nc3 Rxb1 (35... g5) 36.
Nxb1 (36. Rxb1) 36... Bf6 37. Nc3 g5 38. fxg5 {Diagrama #} (38. Rb1) 38... Bxg5
$17 (38... Bxg5 39. Bd2 Ne5 40. Nd5 Nf3 $17) 1/2-1/2

[Event "39 Open Sevilla 2014"]
[Site "Sevilla (SPAIN)"]
[Date "2014.01.11"]
[Round "2.16"]
[White "LOPEZ MUNOZ, Manuel"]
[Black "GALLARDO FERNANDEZ, Cesar"]
[Result "1/2-1/2"]
[WhiteElo "1962"]
[BlackElo "2244"]
[Annotator "Montecatine,R"]
[PlyCount "90"]
[EventDate "2014.01.10"]

1. Nf3 e6 2. g3 c5 3. Bg2 Nc6 4. d4 Nf6 5. O-O a6 6. c4 cxd4 7. Nxd4 Bc5 8. Nc2
O-O 9. Nc3 Rb8 10. a3 Be7 11. b4 d6 12. Bb2 Qc7 13. Rc1 b6 14. Ne3 Ne5 15. Ne4
Bb7 16. Nxf6+ Bxf6 17. Qb3 Bxg2 18. Nxg2 Rfc8 19. Ne3 Qb7 20. Bxe5 Bxe5 21. Ng4
Qe4 22. Nxe5 Qxe5 23. Qd3 Rd8 24. Rfd1 g6 25. c5 bxc5 26. bxc5 dxc5 27. Qxd8+
Rxd8 28. Rxd8+ Kg7 29. Rc8 Qb2 30. R8xc5 Qxa3 31. e3 h5 32. R5c3 Qb2 33. h4 Kf6
34. R3c2 Qb7 35. Rc7 Qf3 36. R1c4 $14 {Diagrama #} g5 $6 37. R7c5 $16 Qd1+ 38.
Kh2 (38. Kg2) 38... gxh4 39. Rxh4 Kg6 (39... Qf1 40. Rf4+ Kg6 41. Ra5 f6 42.
Ra2 e5 43. Rfa4 Qd1 44. Rxa6 h4 45. gxh4 Qg4 46. R6a4 e4 47. Ra1 Qxh4+ 48. Kg2
Qg4+ 49. Kf1 Qf3 50. Ke1 $14) 40. Kg2 f5 41. Ra5 Kg5 42. Rxa6 (42. e4 $16)
42... Qd5+ $14 43. Kh2 Qd2 44. Kg2 Qd5+ 45. Kh2 Qd2 (45... Qd2 46. Rf4 e5 47.
Kg2 Qd5+ 48. Rf3 Qe4 49. Re6 Qd5 50. Re8 Kg4 51. e4 fxe4 (51... Qxe4 52. Rg8#)
52. Re3 $16) 1/2-1/2

[Event "39 Open Sevilla 2014"]
[Site "Sevilla (SPAIN)"]
[Date "2014.01.11"]
[Round "2.17"]
[White "PRADOS MONTANO, Antonio"]
[Black "DE DIOS ORTEGA, Juan Manuel"]
[Result "1-0"]
[WhiteElo "2240"]
[BlackElo "1947"]
[Annotator "Montecatine,R"]
[PlyCount "119"]
[EventDate "2014.01.10"]

1. e4 d6 2. d4 Nf6 3. Nc3 e5 4. Nf3 Nbd7 5. Bc4 Be7 6. O-O O-O 7. a4 a5 8. h3
c6 9. Ba2 b6 10. Re1 Bb7 11. Bg5 Nh5 12. Be3 Nhf6 13. Qe2 Ba6 14. Qd2 Qc7 15.
Bg5 exd4 $6 (15... h6 $11) 16. Nxd4 $16 Ne5 17. Nf5 Rfe8 (17... Rfd8) 18. Bxf6
(18. Re3) 18... Bxf6 19. Qxd6 (19. f4 Nc4 20. Bxc4 Bxc4 21. Nxd6 Red8 22. e5
$16) 19... Qxd6 20. Nxd6 Red8 21. Rad1 Be7 22. Nf5 Bc5 $44 23. Rxd8+ Rxd8 24.
Rd1 Rxd1+ 25. Nxd1 Bc4 26. Bxc4 Nxc4 27. b3 Nd2 28. Ng3 Bd6 29. Nc3 g6 (29...
Bb4 30. Nce2 Bd6 31. f3 Bc5+ 32. Kh1 g6 $14) 30. Nge2 Bc5 31. g3 (31. e5) 31...
Nf3+ 32. Kf1 Kg7 33. e5 Nxe5 (33... Ba3 34. Ne4 Nxe5 35. f4 $14) 34. Ne4 Be7
35. f4 Nd7 $14 36. Nd4 c5 37. Nc6 Kf8 38. Kf2 f5 39. Nc3 Nf6 40. Kf3 Ke8 41.
Ne5 Bd8 42. g4 fxg4+ (42... Nd7 43. Nc6 Bh4) 43. hxg4 Bc7 44. Nc4 {Diagrama #}
(44. g5 Bxe5 45. fxe5 Nd7 46. Ke4 c4 47. bxc4 Nc5+ 48. Kd5 Kd7 49. e6+ Nxe6 50.
Ne4 Nc7+ 51. Ke5 Ke7 $14) 44... Kd7 45. g5 Nh5 46. Nd5 Kc6 47. Nce3 Bd6 48. Kg4
Ng7 49. Nf6 Ne6 50. f5 gxf5+ (50... Nd4 51. c3 gxf5+ 52. Nxf5 Nxb3 53. Nxd6
Kxd6 54. Nxh7 $18) 51. Kxf5 $18 Nf8 52. Nxh7 b5 53. c4 bxa4 54. bxa4 Nxh7 55.
g6 Bf8 56. gxh7 Bg7 57. Ke6 Kc7 58. Nf5 Bc3 59. Kf7 Kd7 60. Ng7 1-0

[Event "39 Open Sevilla 2014"]
[Site "Sevilla (SPAIN)"]
[Date "2014.01.11"]
[Round "2.18"]
[White "MORILLO-VELARDE GALLEGO, Anton"]
[Black "GONZALEZ GALVAN, Juan Manuel"]
[Result "0-1"]
[WhiteElo "1960"]
[BlackElo "2238"]
[Annotator "Montecatine,R"]
[PlyCount "76"]
[EventDate "2014.01.10"]

1. e4 c5 2. Nf3 Nc6 3. g3 g6 4. Bg2 Bg7 5. O-O e5 6. d3 Nge7 7. Nbd2 (7. c4)
7... O-O 8. a4 d6 9. Nc4 h6 10. Re1 Be6 11. Ne3 (11. b3) 11... f5 12. exf5 gxf5
13. Nh4 (13. Bd2 d5 14. c4) (13. c3 d5 14. Bh3 $13) 13... f4 $15 14. Nf1 Qd7
15. c3 Rae8 16. Nd2 d5 17. Nb3 b6 18. a5 c4 (18... Bf6) 19. dxc4 dxc4 20. Qxd7
Bxd7 21. Nd2 (21. axb6 cxb3 22. bxa7 Ra8 23. gxf4 Bf6 24. Rd1) 21... Nxa5 $15
22. Ne4 Bc6 23. gxf4 (23. Nc5 $17) 23... exf4 24. Nd6 Rd8 25. Bxc6 Nexc6 26.
Ndf5 Rd5 27. Nxg7 Kxg7 {Diagrama #} 28. Kg2 $19 (28. Ng2) 28... Ne5 29. Nf3 Nd3
30. Re4 Rf7 31. Nd4 Kh7 32. f3 Rg5+ 33. Kf1 Rg1+ 34. Ke2 Rg2+ 35. Kd1 Nf2+ 36.
Ke1 Nxe4 37. fxe4 Rxh2 38. Nf3 Rh1+ 0-1

[Event "39 Open Sevilla 2014"]
[Site "Sevilla (SPAIN)"]
[Date "2014.01.11"]
[Round "2.8"]
[White "GIMENEZ ITURRALDE, Daniel"]
[Black "TERAN ALVAREZ, Ismael"]
[Result "0-1"]
[WhiteElo "2004"]
[BlackElo "2412"]
[Annotator "Montecatine,R"]
[PlyCount "52"]
[EventDate "2014.01.10"]

1. e4 c5 2. Nf3 Nc6 3. d4 cxd4 4. Nxd4 Nf6 5. Nc3 d6 6. Bg5 Bd7 7. Qd2 Rc8 8.
f4 Nxd4 9. Qxd4 Qa5 10. Bd3 (10. e5 dxe5 11. fxe5 e6 12. O-O-O Bc5 13. Qh4 Nd5
14. Nxd5 exd5 15. Kb1 Qa4 $11) 10... e5 $15 11. Qe3 Rxc3 (11... d5 12. exd5 (
12. fxe5 Rxc3 13. bxc3 Qxc3+ 14. Ke2 Bg4+ 15. Kf2 Nxe4+ 16. Bxe4 Bc5 $19) 12...
Ng4 13. Qf3 Ba3 14. O-O-O Qxc3 15. bxa3 Qxa3+ $15) 12. bxc3 Qxc3+ 13. Ke2 d5 {
Diagrama #} (13... Bg4+ 14. Kf2 d5 15. Bb5+ Bd7 16. Bxd7+ Kxd7 17. Qxc3 Nxe4+
18. Ke3 Nxc3 19. fxe5 $11) 14. h3 $2 (14. Bxf6 $8 Bg4+ $6 (14... gxf6 15. Rab1
Rg8 16. Rxb7 Rxg2+ 17. Kf3 $11) 15. Kf1 Qxa1+ 16. Kf2 Qxh1 17. Bb5+ Bd7 18. Qc3
Bc5+ $1 19. Qxc5 gxf6 20. Qc8+ Ke7 21. Qxd7+ Kf8 22. Qc8+ Kg7 23. Qg4+ $11) (
14. Rab1 Bc5 15. Qd2 Bg4+ 16. Ke1 Bf2+ $19) 14... dxe4 $19 15. Bxf6 (15. Bxe4
Nxe4 16. Qxc3 (16. Qxe4 Bb5+ 17. Kd1 Qxa1+ 18. Kd2 Qd4+ $19) 16... Nxc3+ 17.
Kd3 Bb4 $19) 15... exd3+ 16. cxd3 Qb2+ 17. Kf3 Bc6+ 18. Kg3 gxf6 19. Kh4 Be7
20. f5 (20. Rab1 f5+ 21. Kh5 Qxg2 22. Rhg1 Qg6+ 23. Rxg6 hxg6#) 20... Qb4+ 21.
Kh5 Rg8 22. Rhb1 Qa4 23. g4 Rg5+ 24. Kh6 Bd8 25. Qc5 Qf4 26. Kxh7 Qg3 {
con análisis de Terán} 0-1

[Event "39 Open Sevilla 2014"]
[Site "Sevilla (SPAIN)"]
[Date "2014.01.11"]
[Round "2.3"]
[White "MATAMOROS FRANCO, Carlos S"]
[Black "GUIDI, Maurizio"]
[Result "1-0"]
[WhiteElo "2531"]
[BlackElo "2030"]
[Annotator "Montecatine,R"]
[PlyCount "83"]
[EventDate "2014.01.10"]

1. g3 g6 2. Bg2 Bg7 3. c4 c5 4. Nc3 Nc6 5. Nf3 Nf6 6. O-O O-O 7. d4 cxd4 8.
Nxd4 Nxd4 9. Qxd4 d6 10. Qd3 Nd7 11. e4 Nc5 12. Qe3 Rb8 13. Bd2 a6 (13... b6)
14. Rab1 b5 15. cxb5 axb5 16. Nd5 Be6 17. a3 Qd7 18. Rfc1 Rfc8 19. Ba5 Bxd5 20.
exd5 Bf6 (20... Qf5 $5) 21. b4 Na4 22. Rc6 Nb2 23. Rbc1 Nc4 24. Qb3 Qf5 {
Diagrama #} (24... Kg7) 25. R1xc4 bxc4 26. Qxc4 Ra8 27. Be4 (27. b5 $5) 27...
Qg4 28. Kg2 Rcb8 29. Qd3 Qd7 30. Bf3 Qa7 31. Be2 Rb7 32. a4 Qd4 (32... Kg7) 33.
Qxd4 Bxd4 34. Ba6 $16 Rbb8 35. b5 Bc5 36. Bc7 Re8 37. f4 (37. a5) 37... Kg7 (
37... e6) 38. Kf3 h5 (38... e6) 39. h3 (39. a5) 39... Kf6 $2 (39... e6) 40.
Rxc5 Rxa6 (40... dxc5 41. Be5+ Kf5 42. g4+ hxg4+ 43. hxg4#) 41. bxa6 Rc8 42.
Bxd6 1-0

[Event "39 Open Sevilla 2014"]
[Site "Sevilla (SPAIN)"]
[Date "2014.01.11"]
[Round "2.12"]
[White "ATAIDE MOLINA, Jose Maria"]
[Black "PADEIRO, Jose"]
[Result "0-1"]
[WhiteElo "1970"]
[BlackElo "2337"]
[Annotator "Montecatine,R"]
[PlyCount "120"]
[EventDate "2014.01.10"]

1. c4 e5 2. g3 Nc6 3. Bg2 g6 4. Nc3 Bg7 5. d3 d6 6. e4 Nge7 7. Nge2 O-O 8. O-O
f5 9. Rb1 a5 10. a3 Be6 11. Nd5 Qd7 12. b4 axb4 13. axb4 Nd8 14. Bg5 Nc8 15.
exf5 gxf5 16. b5 Kh8 17. Nb4 (17. Qd2) 17... Ra7 18. Be3 b6 19. Qd2 $16 Ne7 20.
Bg5 Bf6 21. Bxf6+ Rxf6 22. f4 Ng6 23. Qc3 (23. Ra1 Rxa1 24. Rxa1) 23... Qg7 24.
fxe5 dxe5 25. d4 e4 {Diagrama #} (25... Rf8 $16) 26. Nf4 $2 (26. d5 Bd7 27.
Bxe4 $18) 26... Nxf4 27. Rxf4 $14 Rf7 28. Rc1 Ra4 29. Kh1 (29. Rf2) 29... Rd7 (
29... Nb7 $11) 30. Qb3 Rxb4 (30... Ra8 31. d5 Bf7 32. Rxf5 $16) 31. Qxb4 Rxd4
32. Bf1 $2 (32. Bh3 $18) 32... Nb7 33. Be2 Nc5 34. Rff1 Rd8 35. Rcd1 Nd3 (35...
Ra8) 36. Bxd3 exd3 37. Rf3 $18 Qe5 38. Rf2 $2 (38. Rfxd3 Rxd3 39. Rxd3 Qe4+ 40.
Kg1 Kg7 (40... Qxd3 $2 41. Qf8+ Bg8 42. Qf6#) 41. Qd2 $18) 38... Qe4+ 39. Kg1
Bxc4 40. Qb2+ $6 (40. Re1 Qd4 41. Rc1 $2 $16) 40... Kg8 41. Qd2 Rf8 42. Re1 Qd4
43. Qg5+ Kh8 44. Qh6 Qf6 45. Qxf6+ Rxf6 46. Re8+ Kg7 47. Re5 Rd6 {Diagrama #}
48. Rd2 $2 (48. Re7+ Kf6 49. Rxc7 d2 50. Rxd2 Rxd2 51. Rxc4 Rb2 52. Rc6+ Kg5
53. Rxb6 Kg4 $11) 48... Kf6 49. Re8 Bxb5 50. Rf8+ Kg6 51. Kf2 c5 52. Ra8 c4 53.
Ra3 Rc6 54. Rc3 Re6 55. Rb2 Ba6 56. Kf3 b5 57. h3 Kf6 58. g4 fxg4+ 59. hxg4 Ke5
60. Ke3 Kd5+ 0-1

[Event "39 Open Sevilla 2014"]
[Site "Sevilla (SPAIN)"]
[Date "2014.01.11"]
[Round "2.14"]
[White "VALLBONA DOMINGO, Joan"]
[Black "DIAZ CASTRO, Sergio"]
[Result "0-1"]
[WhiteElo "1968"]
[BlackElo "2256"]
[Annotator "Montecatine,R"]
[PlyCount "64"]
[EventDate "2014.01.10"]

1. Nf3 d5 2. c4 c6 3. b3 Nf6 4. Bb2 Bf5 5. g3 e6 6. Bg2 Nbd7 7. O-O Bd6 8. d4
O-O 9. Nbd2 Qe7 10. Nh4 Bg4 11. h3 Bh5 12. f4 Rad8 13. Qe1 Bb4 14. a3 Bxd2 15.
Qxd2 Bg6 16. Nxg6 hxg6 17. Qc2 Nh5 18. Kh2 f5 19. a4 Rf7 20. Ba3 Qf6 21. Rad1
g5 22. e3 Qh6 23. Qf2 Ndf6 {Diagrama #} 24. Rh1 $2 (24. Qe1) 24... Nxf4 $19 25.
Kg1 Nxg2 26. Kxg2 Ne4 27. Qe1 f4 28. exf4 gxf4 29. Bc1 Qg6 30. g4 f3+ 31. Kh2
f2 32. Qe3 Rdf8 0-1

[Event "39 Open Sevilla 2014"]
[Site "Sevilla (SPAIN)"]
[Date "2014.01.11"]
[Round "2.19"]
[White "CALLE FUENTES, Jose Luis"]
[Black "CONGIU, Mathilde"]
[Result "0-1"]
[WhiteElo "1956"]
[BlackElo "2226"]
[Annotator "Montecatine,R"]
[PlyCount "104"]
[EventDate "2014.01.10"]

1. e4 d5 2. exd5 Qxd5 3. Nc3 Qa5 4. d4 Nf6 5. Bc4 Bg4 6. Nge2 Nbd7 7. h3 Bh5 8.
Bd2 Qb6 {Diagrama #} 9. a4 $2 (9. O-O $14) 9... Qc6 $17 10. Bd3 Qxg2 11. Rf1 e5
12. Nb5 (12. Be3) 12... O-O-O $19 13. Ba5 b6 14. Bc3 e4 15. Bc4 a6 16. Na3 Bxa3
17. bxa3 Qxh3 18. Bxa6+ Kb8 19. Qd2 Ne5 20. O-O-O Nf3 21. Qf4 Nd5 22. Qg3 Qxg3
23. fxg3 Ne3 24. Nf4 Nxd1 25. Rxd1 Bg4 26. d5 f6 27. a5 Ka7 28. axb6+ Kxa6 29.
bxc7 Rd7 30. d6 Kb7 31. Rd5 Ra8 32. Bb4 Rxc7 (32... Kc8 33. Rb5 Nd4 34. Rb6 Nf5
$19) 33. dxc7 Kxc7 $17 34. Rc5+ Kd7 35. Nd5 Ra7 36. Nb6+ (36. a4) 36... Ke6 37.
Nc4 (37. Rc4) 37... Nd4 38. Ne3 h5 39. Rc4 (39. Kd2) 39... Ne2+ 40. Kd2 Rd7+
41. Ke1 Nxg3 42. Kf2 Nh1+ 43. Kg1 Bf3 44. Rc6+ Ke5 45. Bd6+ Rxd6 46. Nc4+ Kd5
47. Rxd6+ Kxc4 48. Rd7 e3 49. Kf1 Ng3+ 50. Ke1 Nf5 51. Rc7+ Kd5 52. a4 Nh4 0-1

[Event "39 Open Sevilla 2014"]
[Site "Sevilla (SPAIN)"]
[Date "2014.01.12"]
[Round "3.2"]
[White "HASLINGER, Stewart G"]
[Black "SEVERIJNEN, Arjon"]
[Result "1-0"]
[WhiteElo "2548"]
[BlackElo "2147"]
[Annotator "Montecatine,R"]
[PlyCount "39"]
[EventDate "2014.01.10"]

1. e4 c5 2. Nf3 Nc6 3. d4 cxd4 4. Nxd4 Nf6 5. Nc3 e6 6. Ndb5 Bb4 7. a3 Bxc3+ 8.
Nxc3 d5 9. exd5 exd5 10. Bd3 O-O 11. O-O d4 12. Ne2 (12. Ne4 Bf5 13. Bg5 Bxe4
14. Bxe4 h6 15. Bxf6 Qxf6 16. Qd3 $11) 12... Re8 13. b4 Nd5 (13... a6) 14. Qd2
$14 Bg4 15. f3 Bh5 16. Bb2 a6 (16... Bg6 17. Bxg6 hxg6 18. Rfe1 (18. Nxd4 Ne5
19. Rae1 (19. Rfe1 $2 Nc4 20. Rxe8+ Qxe8 21. Qc1 Qe5 $19) 19... Nc4 20. Rxe8+
Qxe8 21. Qc1 Qd7 $11) 18... Qb6 19. Nxd4 Ne5 20. Rad1 Nc4 21. Qc1 Rxe1+ 22.
Rxe1 Nxa3 $15) 17. Rf2 {Diagrama #} Kh8 $2 (17... Ne5 18. Ng3 Nxd3 19. Qxd3 Bg6
20. Qxd4 f6 $14) 18. Nxd4 $16 Ndxb4 $2 (18... Nxd4 19. Bxd4) 19. Nf5 $18 Nxd3
20. Qh6 1-0

[Event "39 Open Sevilla 2014"]
[Site "Sevilla (SPAIN)"]
[Date "2014.01.12"]
[Round "3.6"]
[White "DUCARMON, Quinten"]
[Black "SILVA LUCENA, Cristian"]
[Result "1-0"]
[WhiteElo "2456"]
[BlackElo "2126"]
[Annotator "Montecatine,R"]
[PlyCount "41"]
[EventDate "2014.01.10"]

1. e4 c5 2. Nf3 e6 3. d4 cxd4 4. Nxd4 Nf6 5. Nc3 d6 6. Be2 a6 7. O-O Nbd7 8. f4
b5 9. Bf3 Bb7 10. Re1 Rc8 11. a4 bxa4 $6 (11... b4 12. Nd5 e5 (12... exd5 13.
exd5+ Be7 14. Nf5 $18) 13. Nb3) 12. Rxa4 $14 {Diagrama #} Rxc3 $6 (12... e5) (
12... Nb6 13. Ra1 $14) 13. bxc3 $18 Nc5 14. Rb4 Bxe4 15. f5 Qa8 16. fxe6 Be7 (
16... fxe6 17. Bxe4 Nfxe4 18. Nxe6 Nxe6 19. Rbxe4) 17. Nf5 Qa7 18. Bxe4 Ncxe4+
19. Be3 Qc7 20. exf7+ Kxf7 21. Rxe4 1-0